000 00351cam a2200145ua 4500
041 _aeng
_h
082 _a336
_bMIS/IN
100 _aMisra, b.R .
245 _aIndian fedral Finance /
_cMisra.
_hTextual Documents
260 _aLondon :
_bOrient-Longman Ltd ,
_c1960.
300 _a463 ; .
504 _a
942 _cBK
999 _c12469
_d12469